Muḥāḍarāt ʻan Jāmiʻat al-Duwal al-ʻArabīyah / (Record no. 49519)

MARC details
000 -LEADER
fixed length control field 00670cam a22002171i 4500
001 - CONTROL NUMBER
control field ne 67000731
003 - CONTROL NUMBER IDENTIFIER
control field DLC
005 - DATE AND TIME OF LATEST TRANSACTION
control field 20260227111831.0
008 - FIXED-LENGTH DATA ELEMENTS--GENERAL INFORMATION
fixed length control field 801020s1966 ua b 000 0 egy
010 ## - LIBRARY OF CONGRESS CONTROL NUMBER
LC control number ne 67000731
035 ## - SYSTEM CONTROL NUMBER
System control number (OCoLC)6841478
040 ## - CATALOGING SOURCE
Original cataloging agency DLC
Transcribing agency MnM
Modifying agency DLC
042 ## - AUTHENTICATION CODE
Authentication code premarc
050 00 - LIBRARY OF CONGRESS CALL NUMBER
Classification number DS36.2
Item number .G45 1966
100 1# - MAIN ENTRY--PERSONAL NAME
Personal name Ghānim, Muḥammad Ḥāfiẓ.
245 10 - TITLE STATEMENT
Title Muḥāḍarāt ʻan Jāmiʻat al-Duwal al-ʻArabīyah /
Statement of responsibility, etc. Muḥammad Ḥāfiẓ Ghānim.
260 ## - PUBLICATION, DISTRIBUTION, ETC.
Place of publication, distribution, etc. [Cairo :
Name of publisher, distributor, etc. Institute of Arabic Research and Studies],
Date of publication, distribution, etc. 1966.
300 ## - PHYSICAL DESCRIPTION
Extent 160 p. ;
Dimensions 24 cm.
504 ## - BIBLIOGRAPHY, ETC. NOTE
Bibliography, etc. note Bibliographical footnotes.
610 20 - SUBJECT ADDED ENTRY--CORPORATE NAME
Corporate name or jurisdiction name as entry element League of Arab States.

No items available.

Powered by Koha